000 00544nam a2200193Ia 4500
999 _c37494
_d37494
003 GCL
005 20240530103209.0
008 140319s9999 xx 000 0 ara d
040 _aGCL /
_cGCL
082 0 4 _a239
_bم ح
100 1 _aمحمد على
245 1 0 _aحياة محمد ورسالته /
_cمحمد على
260 _a[S.N] :
_bدار العلم للملايين ،
_c1984
300 _a303 ص
650 0 4 _aالاسلام
650 0 4 _aالسيرة النبوية
700 1 _aمنير البعلبكى
942 _2ddc
_cBK